000 01101nam a2200313 i 4500
001 000038277
003 DO-SdBNP
005 20260605000014.0
007 ta
008 130408s dr a 000 0 spa d
040 _aDO-SdBNP
_bspa
_cBNPHU
_erda
082 4 _a923.57293
_bC679p
_222
100 _aCoiscou Weber, Rodolfo,
_eautor
_4aut.
_919739
245 1 0 _aDel pensamiento de Máximo Gómez /
_cRodolfo Coiscou Weber
264 4 _aSanto Domingo :
_bEditora UCE,
_c19--?.
300 _a83 páginas :
_bilustraciones ;
_c21 cm
336 _atexto
_btxt
_2rdamedia
337 _asin mediación
_bn
_2rdamedia
338 _avolumen
_bnc
_2rdacarrier
490 1 _aColección Antología de Nuestra Voz
_v56
590 _aInventariado, 2024/BT
600 7 _2Librunam
_aGómez, Máximo.
_d1836-1905
_vBiografía
_xPensamiento político y social
_989873
650 7 _2Librunam
_aGenerales
_vBiografía
_zRepública Dominicana
_989874
650 7 _2Librunam
_aGenerales
_vBiografía
_zCuba
_989875
651 _v
710 1 _aUniversidad Central del Este
_937229
910 _aBtavárez
942 _2ddc
_cLFDS
999 _c37767
_d37767